| 000 | 00412nam a2200169Ia 4500 | ||
|---|---|---|---|
| 008 | 230524s9999 xx 000 0 und d | ||
| 020 | _a9788131707180 | ||
| 082 |
_a624.1762 _bKRA |
||
| 100 | _aSteven L.Kramer | ||
| 245 | 0 | _aGeotechnical Earthquake Engineering | |
| 250 | _a1 | ||
| 260 |
_aNoida _bPearson _c2007 |
||
| 300 | _a"xiv,643p;" | ||
| 500 | _aQuantity Number: 2 | ||
| 650 | _aCivil | ||
| 942 | _cBK | ||
| 999 |
_c55717 _d55717 |
||